The role of the London airports in meeting the business and social needs of the consumer.

Saved in:
Bibliographic Details
Corporate Author: London Chamber of Commerce and Industry
Format: Book
Language:English
Published: London, London Chamber of Commerce and Industry, 1973.
Subjects:
LEADER 01058nam a2200277 a 4500
001 c000121187
003 CARM
005 20011002160705.0
008 741003s1973 enkk bs 000 0 eng
015 |a GB74-12843 
019 1 |a 342636  |5 LACONCORD2021 
020 |a 0901902438 
035 |a (OCoLC)1092262  |5 LACONCORD2021 
040 |a LC  |b eng  |c LC 
043 |a e-uk-en 
050 0 0 |a HE9797.5.G72  |b L643 1973 
082 0 4 |a 387.7/36/09421 
110 2 |a London Chamber of Commerce and Industry. 
245 1 4 |a The role of the London airports in meeting the business and social needs of the consumer. 
260 |a London,  |b London Chamber of Commerce and Industry,  |c 1973. 
300 |a [3], 30 p.  |b form.  |c 30 cm. 
504 |a Includes bibliographical references. 
650 0 |a Airports  |z England  |z London metropolitan area. 
852 8 |b CARM  |h A2:AK06E0  |i D05276  |p 0167849  |f BK 
999 f f |i 499ee36c-c215-5d8b-8fbf-05391e8ee856  |s b8e2747c-c694-5352-8353-ab794d52a78b 
952 f f |p Can circulate  |a CAVAL  |b CAVAL  |c CAVAL  |d CARM 1 Store  |e D05276  |f A2:AK06E0  |h Other scheme  |i book  |m 0167849